000 00391nam a2200157Ia 4500
003 Ost
005 20260225132556.0
008 260225s9999||||xx |||||||||||||| ||und||
040 _cfsic
041 _afre
082 _a302.23
100 _aMalika Boudalia Greffou
_eAuteur
245 0 _aL'Ecole algérienne de IBN BADIS à PAVLON /
245 0 _cMalika Boudalia Greffou
942 _cكتاب
999 _c34466
_d34466